Mangrove flora of Langkawi

Bibliographic Details
Main Author: Wan.A.Wan Juliana
Corporate Author: LESTARI
Other Authors: Ahmad. Damanhuri, Mohamad Razali Salam, Norhayati Ahmad, Wan Juliana Wan Ahmad
Format: Book
Published: Shah Alam, Selangor : LESTARI , 2010
Subjects:

MARC

LEADER 00000cam a2200000 7i4500
001 0000004014
005 20150107.0
020 0 0 |a 12345679 
090 0 0 |a 634.9595   |b LANG 2010 
100 1 0 |a Wan.A.Wan Juliana 
245 1 0 |a Mangrove flora of Langkawi   |c by Wan. A.Wan Juliana...etc.. 
260 0 0 |a Shah Alam, Selangor :   |b LESTARI ,   |c 2010 
300 |a 154 p :   |b ill.col ;   |c 26 cm. 
500 0 0 |a Includes bibliography and index 
650 0 0 |a Flora   |z Langkawi 
650 0 0 |a Mangrove   |z Langkawi 
700 1 1 |a Ahmad. Damanhuri 
700 1 1 |a Mohamad Razali Salam 
700 1 1 |a Norhayati Ahmad 
700 1 1 |a Wan Juliana Wan Ahmad 
710 1 1 |a LESTARI 
998 |a JPSM 
999 |a 007845   |b Monograph   |c Open Shelf   |e Default branch